[Event "Oberliga NRW 1819"]
[Site "Germany"]
[Date "2019.04.14"]
[Round "8.7"]
[White "Tueckmantel, Rene"]
[Black "Trube, Dieter"]
[Result "1/2-1/2"]
[WhiteElo "2110"]
[BlackElo "2008"]
[PlyCount "32"]
[EventDate "2018.09.16"]
[EventType "team-tourn"]
[EventRounds "9"]
[EventCountry "GER"]
[SourceTitle "EXT 2020"]
[Source "ChessBase"]
[SourceDate "2019.10.17"]
[SourceVersion "1"]
[SourceVersionDate "2019.10.17"]
[SourceQuality "1"]
[WhiteTeam "Wuppertal Bahn"]
[BlackTeam "Siegburg"]
[WhiteTeamCountry "GER"]
[BlackTeamCountry "GER"]

1. c4 e5 2. g3 c6 3. Nf3 e4 4. Nd4 Nf6 5. Bg2 d5 6. cxd5 cxd5 7. Nc3 Nc6 8. Nc2 Be7 9. 0-0 0-0 10. d3 Bf5 11. Bg5 Re8 12. Ne3 Be6 13. Nc2 Bf5 14. Ne3 Be6 15. Nc2 Bf5 16. Ne3 Be6 1/2-1/2

[Event "Oberliga NRW 1819"]
[Site "Germany"]
[Date "2019.01.13"]
[Round "5.8"]
[White "Tueckmantel, Rene"]
[Black "Rott, Georg"]
[Result "1/2-1/2"]
[WhiteElo "2110"]
[BlackElo "2179"]
[PlyCount "31"]
[EventDate "2018.09.16"]
[EventType "team-tourn"]
[EventRounds "9"]
[EventCountry "GER"]
[SourceTitle "EXT 2020"]
[Source "ChessBase"]
[SourceDate "2019.10.17"]
[SourceVersion "1"]
[SourceVersionDate "2019.10.17"]
[SourceQuality "1"]
[WhiteTeam "Wuppertal Bahn"]
[BlackTeam "Muenster"]
[WhiteTeamCountry "GER"]
[BlackTeamCountry "GER"]

1. e4 e6 2. d4 d5 3. Nc3 Bb4 4. exd5 exd5 5. Bd3 Nf6 6. Nge2 Bg4 7. f3 Bh5 8. Nf4 0-0 9. 0-0 Bd6 10. Nce2 Nbd7 11. Ng3 Bxf4 12. Bxf4 Bg6 13. Re1 c6 14. c3 Qb6 15. Bxg6 hxg6 16. Qb3 1/2-1/2

[Event "Niederrhein-ch"]
[Site "Solingen"]
[Date "2018.03.27"]
[Round "5.2"]
[White "Waagener, Ulrich"]
[Black "Tueckmantel, Rene"]
[Result "0-1"]
[WhiteElo "2026"]
[BlackElo "2114"]
[PlyCount "62"]
[EventDate "2018.03.23"]
[EventType "swiss"]
[EventRounds "7"]
[EventCountry "GER"]
[SourceTitle "EXT 2022"]
[Source "ChessBase"]
[SourceDate "2021.10.06"]
[SourceVersion "1"]
[SourceVersionDate "2021.10.06"]
[SourceQuality "1"]

1. e4 e5 2. Nf3 Nc6 3. c3 Nf6 4. d4 exd4 5. e5 Ne4 6. Qe2 Nc5 7. cxd4 Ne6 8. d5 Ned4 9. Nxd4 Nxd4 10. Qe4 c5 11. d6 g6 12. Nc3 Bg7 13. Bc4 0-0 14. 0-0 Rb8 15. Nd5 Nc6 16. f4 b5 17. Bb3 c4 18. Bd1 Bb7 19. Qe3 f6 20. e6 dxe6 21. Qxe6+ Kh8 22. d7 Nd4 23. Qd6 Rf7 24. Ne3 Rxd7 25. Qb4 Qb6 26. Kh1 Re8 27. f5 Nc6 28. Qe1 Bh6 29. fxg6 Bxe3 30. Rxf6 Qd8 31. Qf1 Rxd1 0-1

[Event "Niederrhein-ch"]
[Site "Solingen"]
[Date "2018.03.25"]
[Round "3.1"]
[White "Tueckmantel, Rene"]
[Black "Liedmann, Dennis"]
[Result "0-1"]
[WhiteElo "2114"]
[BlackElo "2005"]
[PlyCount "66"]
[EventDate "2018.03.23"]
[EventType "swiss"]
[EventRounds "7"]
[EventCountry "GER"]
[SourceTitle "EXT 2022"]
[Source "ChessBase"]
[SourceDate "2021.10.06"]
[SourceVersion "1"]
[SourceVersionDate "2021.10.06"]
[SourceQuality "1"]

1. d4 g6 2. e4 c6 3. c4 d6 4. Nf3 Bg7 5. Nc3 e5 6. Be2 Nd7 7. 0-0 Qc7 8. d5 c5 9. Be3 Ne7 10. g3 0-0 11. Nh4 a6 12. Qd2 f5 13. exf5 Nxf5 14. Nxf5 gxf5 15. f4 e4 16. g4 b5 17. cxb5 fxg4 18. Bxg4 Nb6 19. Be2 axb5 20. Nxb5 Qe7 21. Kh1 Bb7 22. Nc3 Kh8 23. Rad1 Rf5 24. Bg4 Rxd5 25. Nxd5 Nxd5 26. b4 Ra3 27. Rfe1 Rd3 28. Qf2 Nxe3 29. Rxd3 Nxg4 30. Qg3 exd3+ 31. Kg1 Qxe1+ 32. Qxe1 Bd4+ 33. Kf1 Nxh2# 0-1

[Event "Niederrhein-ch"]
[Site "Solingen"]
[Date "2018.03.23"]
[Round "1.4"]
[White "Tueckmantel, Rene"]
[Black "Alonso, Jose Antonio"]
[Result "1-0"]
[WhiteElo "2114"]
[BlackElo "1835"]
[PlyCount "55"]
[EventDate "2018.03.23"]
[EventType "swiss"]
[EventRounds "7"]
[EventCountry "GER"]
[SourceTitle "EXT 2022"]
[Source "ChessBase"]
[SourceDate "2021.10.06"]
[SourceVersion "1"]
[SourceVersionDate "2021.10.06"]
[SourceQuality "1"]

1. e4 e5 2. Bc4 Nf6 3. d3 Bc5 4. Nc3 c6 5. Nf3 d6 6. 0-0 Bg4 7. h3 Bh5 8. Be3 Bd4 9. Qe2 Qd7 10. a4 h6 11. Rfe1 g5 12. Bxd4 exd4 13. e5 0-0 14. e6 Qc7 15. exf7+ Kg7 16. Nxd4 Qc8 17. Qe7 Rxf7 18. Bxf7 Bxf7 19. Ne6+ Kg6 20. Nc7 Nbd7 21. Nxa8 d5 22. Qd6 Qxa8 23. Re7 Qd8 24. Rae1 c5 25. Nb5 Qa5 26. c3 Qxa4 27. Rxd7 Qxb5 28. Rxf7 1-0

[Event "Oberliga NRW 1718"]
[Site "Germany"]
[Date "2017.10.15"]
[Round "2.7"]
[White "Bus, Tom"]
[Black "Tueckmantel, Rene"]
[Result "1-0"]
[WhiteElo "2096"]
[BlackElo "2089"]
[PlyCount "123"]
[EventDate "2017.09.17"]
[EventType "team-tourn"]
[EventRounds "9"]
[EventCountry "GER"]
[SourceTitle "EXT 2019"]
[Source "ChessBase"]
[SourceDate "2018.10.10"]
[SourceVersion "1"]
[SourceVersionDate "2018.10.10"]
[SourceQuality "1"]
[WhiteTeam "Muelheim Nord II"]
[BlackTeam "Wuppertal Bahn"]
[WhiteTeamCountry "GER"]
[BlackTeamCountry "GER"]

1. c4 c5 2. g3 Nf6 3. Bg2 d5 4. cxd5 Nxd5 5. Nc3 Nc7 6. Nf3 Nc6 7. 0-0 e5 8. a3 Rb8 9. d3 Be7 10. Rb1 0-0 11. Be3 f6 12. b4 Nd4 13. bxc5 Bxc5 14. Bxd4 exd4 15. Ne4 Bb6 16. Qc2 Nd5 17. Rb5 Be6 18. Nc5 Bf7 19. Nxd4 Nc7 20. Rb4 Bxc5 21. Qxc5 Na6 22. Qxa7 Nxb4 23. axb4 Ra8 24. Qc5 Rc8 25. Qa7 Qd6 26. Rb1 b6 27. Nf5 Rc7 28. Nxd6 Rxa7 29. Nxf7 Kxf7 30. Rc1 Rb8 31. b5 Ke7 32. f4 Rd8 33. Kf2 Ra2 34. Rc3 Rb2 35. Bc6 Rd6 36. Kf3 f5 37. Ra3 Re6 38. e4 fxe4+ 39. dxe4 Rxh2 40. Ra7+ Kf8 41. e5 Rb2 42. Ra8+ Ke7 43. Re8+ Kf7 44. Rb8 Ke7 45. Rb7+ Kf8 46. Rxb6 Rb3+ 47. Ke4 Rxg3 48. Rb8+ Ke7 49. Bd5 Rh6 50. b6 Rh1 51. Rb7+ Kd8 52. e6 Re1+ 53. Kd4 Rd1+ 54. Kc5 Rc3+ 55. Kd6 Rxd5+ 56. Kxd5 Rd3+ 57. Ke4 Rb3 58. Rd7+ Ke8 59. b7 Rb4+ 60. Kf5 Rb5+ 61. Ke4 Rb6 62. Kd5 1-0

[Event "Oberliga NRW 1617"]
[Site "Germany"]
[Date "2017.05.21"]
[Round "9.6"]
[White "Tueckmantel, Rene"]
[Black "Klauke, Stefan"]
[Result "0-1"]
[WhiteElo "2188"]
[BlackElo "2155"]
[PlyCount "144"]
[EventDate "2016.09.25"]
[EventType "team-tourn"]
[EventRounds "9"]
[EventCountry "GER"]
[SourceTitle "EXT 2020"]
[Source "ChessBase"]
[SourceDate "2019.10.17"]
[SourceVersion "1"]
[SourceVersionDate "2019.10.17"]
[SourceQuality "1"]
[WhiteTeam "Wuppertal Bahn"]
[BlackTeam "Iserlohn Koenigsspringer"]
[WhiteTeamCountry "GER"]
[BlackTeamCountry "GER"]

1. Nf3 d5 2. d4 Nc6 3. g3 Nf6 4. Bg2 Bf5 5. 0-0 e6 6. c4 Be7 7. Nc3 0-0 8. Ne5 Rb8 9. Bf4 Bb4 10. cxd5 Nxe5 11. Bxe5 Bxc3 12. bxc3 exd5 13. Bxf6 gxf6 14. Qd2 Re8 15. Rae1 Qd6 16. f3 Bg6 17. e4 b5 18. exd5 Qxd5 19. f4 Be4 20. Bxe4 Rxe4 21. Rxe4 Qxe4 22. Re1 Qd5 23. Re7 c5 24. Qe3 b4 25. c4 Qxc4 26. dxc5 Qxa2 27. c6 Qb1+ 28. Kg2 Qc2+ 29. Kh3 Qxc6 30. Qxa7 Qc8+ 31. Kh4 Ra8 32. Qb7 Qf8 33. Rxf7 Qh6+ 34. Kg4 Qg6+ 35. Kh4 Ra2 36. Qc8+ Kxf7 37. Qc4+ Kg7 38. Qxa2 Qf7 39. Qe2 Qb7 40. Qg4+ Kf8 41. Qe6 Qe7 42. Qc8+ Kf7 43. Qc4+ Kg7 44. Qb5 Qe4 45. Qd7+ Kh6 46. Qf7 Qd4 47. Qf8+ Kg6 48. Qg8+ Kf5 49. Qxh7+ Ke6 50. Qg8+ Kd6 51. Qf8+ Kd5 52. Qf7+ Ke4 53. Qg6+ Ke3 54. Kh5 b3 55. Qb1 Qc5+ 56. Kh6 Qc2 57. Qe1+ Kd3 58. Qf1+ Qe2 59. Qb1+ Kc3 60. Qc1+ Kb4 61. h4 b2 62. Qb1 Kb3 63. Qf5 Qc2 64. Qxf6 b1Q 65. Qb6+ Kc4 66. Qxb1 Qxb1 67. g4 Qc1 68. Kg5 Kd5 69. Kf5 Qc8+ 70. Kg5 Qd8+ 71. Kh5 Ke4 72. f5 Kf4 0-1

[Event "NRW Class1 1516"]
[Site "Germany"]
[Date "2016.04.03"]
[Round "8.5"]
[White "Homs, Guust"]
[Black "Tueckmantel, Rene"]
[Result "1/2-1/2"]
[WhiteElo "2186"]
[BlackElo "2132"]
[PlyCount "41"]
[EventDate "2015.09.27"]
[EventType "team-tourn"]
[EventRounds "9"]
[EventCountry "GER"]
[SourceTitle "EXT 2017"]
[Source "ChessBase"]
[SourceDate "2016.10.25"]
[SourceVersion "1"]
[SourceVersionDate "2016.10.25"]
[SourceQuality "1"]
[WhiteTeam "Erkenschwick"]
[BlackTeam "Wuppertal Bahn"]
[WhiteTeamCountry "GER"]
[BlackTeamCountry "GER"]

1. e4 e5 2. Nf3 Nc6 3. Nc3 Nf6 4. d4 exd4 5. Nxd4 d6 6. Nxc6 bxc6 7. Bc4 Be7 8. 0-0 0-0 9. Bf4 Be6 10. Bb3 d5 11. Qe2 d4 12. Rad1 c5 13. Nb5 Bxb3 14. axb3 Bd6 15. Nxd6 cxd6 16. c3 Re8 17. f3 Nd5 18. Qd2 Nxf4 19. Qxf4 Qb6 20. cxd4 cxd4 21. Rd3 1/2-1/2

[Event "Niederrhein-ch"]
[Site "Solingen"]
[Date "2016.03.19"]
[Round "1"]
[White "Tueckmantel, Rene"]
[Black "Kesseler, Heiko"]
[Result "0-1"]
[WhiteElo "2132"]
[BlackElo "1993"]
[PlyCount "84"]
[EventDate "2016.03.19"]
[EventType "swiss"]
[EventRounds "7"]
[EventCountry "GER"]
[SourceTitle "EXT 2018"]
[Source "ChessBase"]
[SourceDate "2017.10.13"]
[SourceVersion "1"]
[SourceVersionDate "2017.10.13"]
[SourceQuality "1"]

1. e4 c5 2. Nf3 Nc6 3. Bb5 g6 4. 0-0 Bg7 5. c3 Nf6 6. Re1 0-0 7. d4 cxd4 8. cxd4 d5 9. e5 Ne8 10. Nc3 Nc7 11. Bxc6 bxc6 12. Be3 Rb8 13. Na4 Na6 14. Rc1 Bd7 15. a3 Qa5 16. b4 Qb5 17. Nc5 Nxc5 18. Rxc5 Qa6 19. Ra5 Qb7 20. Qc2 Rfe8 21. Qc1 Bg4 22. Nd2 f6 23. f4 fxe5 24. dxe5 Ra8 25. Nb3 g5 26. h3 gxf4 27. Bxf4 Bf5 28. Rc5 Rac8 29. Kh2 Be4 30. Re3 Rf8 31. Rg3 Kh8 32. Nd4 Qd7 33. e6 Qe8 34. Rxg7 Kxg7 35. Bh6+ Kg8 36. Bxf8 Qg6 37. Qd2 Rxf8 38. Rxc6 Qf6 39. Qe3 Kh8 40. Ne2 Rg8 41. g3 Rf8 42. Qc3 d4 0-1

[Event "NRW Class1 1516"]
[Site "Germany"]
[Date "2015.11.22"]
[Round "3.6"]
[White "Tueckmantel, Rene"]
[Black "Lemli, Thomas"]
[Result "1/2-1/2"]
[WhiteElo "2132"]
[BlackElo "1992"]
[PlyCount "45"]
[EventDate "2015.09.27"]
[EventType "team-tourn"]
[EventRounds "9"]
[EventCountry "GER"]
[SourceTitle "EXT 2017"]
[Source "ChessBase"]
[SourceDate "2016.10.25"]
[SourceVersion "1"]
[SourceVersionDate "2016.10.25"]
[SourceQuality "1"]
[WhiteTeam "Wuppertal Bahn"]
[BlackTeam "Emsdetten Rochade"]
[WhiteTeamCountry "GER"]
[BlackTeamCountry "GER"]

1. c4 c6 2. e4 d5 3. exd5 cxd5 4. d4 Nf6 5. Nc3 g6 6. Nf3 Bg7 7. Be2 0-0 8. 0-0 Nc6 9. h3 dxc4 10. Bxc4 Na5 11. Bd3 Be6 12. Be3 Rc8 13. Rc1 Bc4 14. b3 Bxd3 15. Qxd3 Nc6 16. Rfd1 Qa5 17. Na4 b6 18. Bd2 Qd5 19. Nc3 Qd6 20. Nb5 Qd7 21. Qe2 Nd5 22. Be3 a6 23. Na3 1/2-1/2

[Event "NRW-ch"]
[Site "Emsdetten"]
[Date "2015.10.17"]
[Round "6"]
[White "Tueckmantel, Rene"]
[Black "Heinert, Eugen"]
[Result "1-0"]
[WhiteElo "2149"]
[BlackElo "2156"]
[PlyCount "118"]
[EventDate "2015.10.??"]
[EventType "swiss"]
[EventRounds "7"]
[EventCountry "GER"]
[SourceTitle "EXT 2017"]
[Source "ChessBase"]
[SourceDate "2016.10.25"]
[SourceVersion "1"]
[SourceVersionDate "2016.10.25"]
[SourceQuality "1"]

1. c4 e6 2. g3 d5 3. Bg2 Nf6 4. Nf3 Be7 5. 0-0 0-0 6. b3 c5 7. Bb2 Nc6 8. d3 b6 9. Na3 Bb7 10. Re1 Qd7 11. cxd5 Nxd5 12. Nc4 Rfd8 13. Nce5 Nxe5 14. Nxe5 Qc7 15. Nc4 Nb4 16. a3 Bxg2 17. Kxg2 Nc6 18. Rc1 Rac8 19. Nd2 Nd4 20. Kg1 Qb7 21. Nc4 Bg5 22. Rb1 Rc7 23. Bc1 Be7 24. Bf4 Rcc8 25. Bd2 h5 26. h4 b5 27. Ne3 e5 28. a4 e4 29. dxe4 Qxe4 30. axb5 Nxb5 31. Qc1 Bf6 32. Ba5 Rd4 33. Nc4 Bxh4 34. e3 Bg5 35. exd4 Qg6 36. Ne5 Qf5 37. Bd2 cxd4 38. Qd1 Bxd2 39. Qxd2 Rc2 40. Qf4 Qxf4 41. gxf4 Nc3 42. Ra1 Ne2+ 43. Rxe2 Rxe2 44. Rxa7 f6 45. Nf3 Re4 46. Rd7 Rxf4 47. Nxd4 Rg4+ 48. Kh2 Rh4+ 49. Kg3 Rg4+ 50. Kh3 g5 51. f3 Rg1 52. b4 Rb1 53. Rb7 Rd1 54. Nf5 Rd3 55. Kg2 Rd2+ 56. Kg3 h4+ 57. Kg4 Rg2+ 58. Kh5 h3 59. Kg6 Kf8 1-0

[Event "NRW-ch"]
[Site "Emsdetten"]
[Date "2015.10.12"]
[Round "1"]
[White "Kummerow, Heiko"]
[Black "Tueckmantel, Rene"]
[Result "1/2-1/2"]
[WhiteElo "2267"]
[BlackElo "2149"]
[PlyCount "50"]
[EventDate "2015.10.??"]
[EventType "swiss"]
[EventRounds "7"]
[EventCountry "GER"]
[SourceTitle "EXT 2017"]
[Source "ChessBase"]
[SourceDate "2016.10.25"]
[SourceVersion "1"]
[SourceVersionDate "2016.10.25"]
[SourceQuality "1"]

1. e4 e5 2. Nf3 Nc6 3. Bc4 Nf6 4. Nc3 Bc5 5. d3 d6 6. Na4 Bb6 7. Nxb6 axb6 8. c3 Be6 9. Bxe6 fxe6 10. 0-0 0-0 11. Ng5 Qd7 12. f4 exf4 13. Bxf4 e5 14. Be3 Rae8 15. Qe2 d5 16. Rad1 h6 17. Nf3 Qg4 18. h3 Qe6 19. exd5 Nxd5 20. Bc1 Nf4 21. Bxf4 Rxf4 22. a3 e4 23. dxe4 Rxe4 24. Qb5 Qg6 25. Rfe1 Rxe1+ 1/2-1/2

[Event "Niederrhein-ch"]
[Site "Solingen"]
[Date "2015.04.02"]
[Round "6"]
[White "Tueckmantel, Rene"]
[Black "Lueckerath, Moritz"]
[Result "1-0"]
[WhiteElo "2128"]
[BlackElo "1756"]
[PlyCount "29"]
[EventDate "2015.03.28"]
[EventType "swiss"]
[EventRounds "7"]
[EventCountry "GER"]
[SourceTitle "EXT 2016"]
[Source "ChessBase"]
[SourceDate "2015.10.08"]
[SourceVersion "1"]
[SourceVersionDate "2015.10.08"]
[SourceQuality "1"]

1. c4 e5 2. g3 Nc6 3. Bg2 g6 4. Nc3 Bg7 5. e4 d6 6. Nge2 h5 7. h4 Nd4 8. Nxd4 exd4 9. Ne2 Nh6 10. d3 Ng4 11. 0-0 0-0 12. b4 f5 13. exf5 Rxf5 14. Be4 Rf6 15. Bg5 1-0

[Event "NRW Class2 1415"]
[Site "Germany"]
[Date "2015.02.08"]
[Round "6.4"]
[White "Valkyser, Martin"]
[Black "Tueckmantel, Rene"]
[Result "1/2-1/2"]
[WhiteElo "2184"]
[BlackElo "2116"]
[PlyCount "77"]
[EventDate "2014.09.14"]
[EventType "team-tourn"]
[EventRounds "9"]
[EventCountry "GER"]
[SourceTitle "EXT 2017"]
[Source "ChessBase"]
[SourceDate "2016.10.25"]
[SourceVersion "1"]
[SourceVersionDate "2016.10.25"]
[SourceQuality "1"]
[WhiteTeam "Katernberg II"]
[BlackTeam "Wuppertal Bahn"]
[WhiteTeamCountry "GER"]
[BlackTeamCountry "GER"]

1. d4 Nf6 2. c4 c5 3. d5 b5 4. cxb5 a6 5. bxa6 Bxa6 6. Nc3 d6 7. Nf3 g6 8. g3 Bg7 9. Bg2 0-0 10. 0-0 Nbd7 11. Bd2 Nb6 12. Bg5 Bc4 13. e4 h6 14. Bd2 Nfd7 15. Re1 Ba6 16. b3 Ne5 17. Nxe5 Bxe5 18. Rc1 Bg7 19. Be3 Nd7 20. Qc2 Ne5 21. Red1 Qa5 22. h3 c4 23. bxc4 Nxc4 24. Bd4 Bxd4 25. Rxd4 Rfc8 26. Rdd1 Rab8 27. Bf1 Rb2 28. Qd3 Qc5 29. Qd4 Qa5 30. Kg2 Rb4 31. Qd3 Rc7 32. Rb1 Rxb1 33. Rxb1 Kh7 34. Rb3 Qc5 35. Na4 Qa5 36. Nc3 Qc5 37. Na4 Qa5 38. Nc3 Qc5 39. Na4 1/2-1/2

[Event "NRW Class2 1415"]
[Site "Germany"]
[Date "2014.11.16"]
[Round "3.4"]
[White "Hanhoerster, Stephan"]
[Black "Tueckmantel, Rene"]
[Result "1-0"]
[WhiteElo "2081"]
[BlackElo "2107"]
[PlyCount "55"]
[EventDate "2014.09.14"]
[EventType "team-tourn"]
[EventRounds "9"]
[EventCountry "GER"]
[SourceTitle "EXT 2017"]
[Source "ChessBase"]
[SourceDate "2016.10.25"]
[SourceVersion "1"]
[SourceVersionDate "2016.10.25"]
[SourceQuality "1"]
[WhiteTeam "Guetersloh"]
[BlackTeam "Wuppertal Bahn"]
[WhiteTeamCountry "GER"]
[BlackTeamCountry "GER"]

1. d4 c5 2. Nc3 e6 3. Nf3 cxd4 4. Nxd4 a6 5. e4 Qc7 6. Bd3 Nf6 7. 0-0 Be7 8. Qe2 d6 9. Bd2 Nc6 10. Nb3 0-0 11. f4 b6 12. Rae1 Nd7 13. Kh1 Bb7 14. a3 Rfe8 15. Qh5 g6 16. Qh3 Bf8 17. Ne2 Nc5 18. Nxc5 bxc5 19. Bc3 d5 20. Ng3 c4 21. exd5 cxd3 22. Nh5 Be7 23. Rxe6 Bc8 24. Nf6+ Bxf6 25. Rxe8+ Kg7 26. Bxf6+ Kxf6 27. Qxh7 Bg4 28. Qh4+ 1-0

[Event "Basel op"]
[Site "Basel"]
[Date "2014.01.02"]
[Round "2"]
[White "Tueckmantel, Rene"]
[Black "Paul, Mathias1111"]
[Result "1-0"]
[WhiteElo "2122"]
[BlackElo "2053"]
[PlyCount "39"]
[EventDate "2014.01.01"]
[EventType "swiss"]
[EventRounds "7"]
[EventCountry "SUI"]
[SourceTitle "CBM 158 Extra"]
[Source "ChessBase"]
[SourceDate "2014.02.28"]
[SourceVersion "1"]
[SourceVersionDate "2014.02.28"]
[SourceQuality "1"]

1. c4 Nf6 2. g3 g6 3. Bg2 Bg7 4. Nc3 d6 5. d3 Nc6 6. e4 0-0 7. Nge2 e5 8. 0-0 Nh5 9. Be3 f5 10. exf5 gxf5 11. Qd2 Nd4 12. Bg5 Qd7 13. Nxd4 exd4 14. Nd5 c6 15. Ne7+ Kh8 16. Bh3 Rf7 17. Qe2 Bf6 18. Qxh5 Bxe7 19. Qxf7 Bxg5 20. Qf8# 1-0